Spanish-Speaking Countries - Statistics

General Stats
  • This quiz has been taken 1,229 times
  • The average score is 18 of 20
Answers on the Map
Answers color-coded by a green-red scale on the quiz's map according to % correct below.
 
Answer Stats
Answer % Correct
México
98%
España
96%
Argentina
95%
Chile
95%
Guinea Ecuatorial
92%
Perú
92%
Bolivia
91%
Colombia
91%
Cuba
91%
Panamá
91%
República Dominicana
91%
Uruguay
91%
Venezuela
91%
Ecuador
90%
Paraguay
89%
El Salvador
85%
Nicaragua
85%
Costa Rica
83%
Guatemala
82%
Honduras
80%
No matching quizzes found
Score Distribution
Percent of People with Each Score
Percentile by Number Answered
Your Score History
You have not taken this quiz